000 00798nam a2200241 a 4500
001 14376
003 BD-JhCC
005 20250907092538.0
008 250907b20212022ii a|||| |||a 001 0 eng d
020 _a9780241492932
035 _a(BD-JhCC)14376
040 _aBD-JhCC
_dBD-JhCC
041 _aenglish
082 _a320
_bKLE 2022
100 _a Klein,Naomi
245 _a How to change everything :
_b the young human's guide to protecting the planet and each other /
_cNaomi Klein,Rebecca Stefoff.
260 _a London:
_bPenguin Books,
_c2022.
300 _a320 p. :
_bill;
_c20 cm.
650 _a"Children's / Teenage general interest: Rocks, weather & physical world"
_zChildren's / Teenage general interest: Ecosystems.
700 _aStefoff,Rebecca
942 _2ddc
_cBK
999 _c14376
_d14376